[Event "NED-chT 9596"]
[Site "Netherlands"]
[Date "1995.??.??"]
[Round "?"]
[White "Klarenbeek, Mark"]
[Black "Ree, Hans"]
[Result "1/2-1/2"]
[WhiteElo "2375"]
[BlackElo "2435"]
[PlyCount "64"]
[EventDate "1995.??.??"]
[EventType "team"]
[EventRounds "9"]
[EventCountry "NED"]
[SourceTitle "EXT 1999"]
[Source "ChessBase"]
[SourceDate "1998.11.16"]
[SourceVersion "1"]
[SourceVersionDate "1998.11.16"]
[SourceQuality "1"]

1. d4 g6 2. e4 Bg7 3. Nc3 c6 4. Bc4 b5 5. Bb3 a5 6. a3 d6 7. Nf3 Ba6 8. 0-0 b4 9. Ne2 Nf6 10. e5 dxe5 11. Nxe5 0-0 12. axb4 axb4 13. Be3 c5 14. dxc5 Qc7 15. Nd3 Nc6 16. Re1 Rfd8 17. Qc1 Bxd3 18. Rxa8 Rxa8 19. cxd3 Na5 20. Qc2 Nxb3 21. Qxb3 Ng4 22. Ng3 Nxe3 23. fxe3 Qxc5 24. d4 Qb6 25. Rf1 e6 26. Ne4 Ra7 27. Rc1 h6 28. Nc5 Rc7 29. Rc4 e5 30. Qxb4 Qxb4 31. Rxb4 exd4 32. exd4 Bxd4+ 1/2-1/2

[Event "NED-chT 9596"]
[Site "Netherlands"]
[Date "1995.??.??"]
[Round "?"]
[White "Klarenbeek, Mark"]
[Black "Riemersma, Liafbern"]
[Result "0-1"]
[WhiteElo "2375"]
[BlackElo "2435"]
[PlyCount "66"]
[EventDate "1995.??.??"]
[EventType "team"]
[EventRounds "9"]
[EventCountry "NED"]
[SourceTitle "EXT 1999"]
[Source "ChessBase"]
[SourceDate "1998.11.16"]
[SourceVersion "1"]
[SourceVersionDate "1998.11.16"]
[SourceQuality "1"]

1. e4 c5 2. Nf3 d6 3. d4 Nf6 4. Nc3 cxd4 5. Nxd4 g6 6. Be3 Bg7 7. f3 0-0 8. Qd2 Nc6 9. 0-0-0 d5 10. exd5 Nxd5 11. Nxc6 bxc6 12. Bd4 e5 13. Bc5 Be6 14. Ne4 Re8 15. g4 Qc7 16. h4 Red8 17. h5 Nf6 18. Bd6 Nxe4 19. Bxc7 Rxd2 20. Rxd2 Nxd2 21. Kxd2 Rc8 22. Ba5 e4 23. Be2 exf3 24. Bxf3 Bxb2 25. c3 Ba3 26. hxg6 hxg6 27. Bb4 Bxb4 28. cxb4 c5 29. b5 Bxa2 30. Ra1 Bc4 31. Bc6 Rc7 32. Rc1 Be6 33. g5 a6 0-1

[Event "NED-chT 9495"]
[Site "Netherlands"]
[Date "1994.??.??"]
[Round "1"]
[White "Brenninkmeijer, Joris"]
[Black "Klarenbeek, Mark"]
[Result "1/2-1/2"]
[WhiteElo "2495"]
[BlackElo "2390"]
[PlyCount "121"]
[EventDate "1994.??.??"]
[EventType "team"]
[EventRounds "9"]
[EventCountry "NED"]
[SourceTitle "EXT 1998"]
[Source "ChessBase"]
[SourceDate "1997.11.17"]
[SourceVersion "1"]
[SourceVersionDate "1997.11.17"]
[SourceQuality "1"]

1. d4 d5 2. c4 e6 3. Nf3 c6 4. Qc2 f5 5. Bf4 Nf6 6. Nbd2 Bd6 7. Bxd6 Qxd6 8. e3 0-0 9. Bd3 Ne4 10. 0-0 Nxd2 11. Nxd2 Nd7 12. c5 Qe7 13. f4 Nf6 14. b4 Bd7 15. a4 Kh8 16. Nf3 Be8 17. b5 Bh5 18. Ne5 Ng4 19. Nxg4 Bxg4 20. a5 cxb5 21. Bxb5 Rac8 22. Qb2 Bh5 23. Rfb1 Rc7 24. Ra3 g5 25. Rb3 Rf7 26. a6 bxa6 27. Bxa6 Kg7 28. Qf2 h6 29. Qg3 g4 30. Qe1 Bg6 31. Qa5 Kf6 32. Rb8 h5 33. Ra8 h4 34. Rbb8 Rh7 35. Bb5 h3 36. g3 Bf7 37. Kf2 Kg6 38. Qa6 Kf6 39. Bc6 Kg7 40. Be8 Kf6 41. Bxf7 Rxf7 42. Re8 Qd7 43. Rad8 Rc6 44. Qb5 Qb7 45. Rb8 Qxb5 46. Rxb5 Ra6 47. Reb8 Ra2+ 48. Rb2 Rxb2+ 49. Rxb2 a5 50. Ke2 Ra7 51. Kd3 a4 52. Kc3 Ke7 53. Kb4 a3 54. Ra2 Rb7+ 55. Kxa3 Rb1 56. Rb2 Ra1+ 57. Kb4 Kd7 58. Kc3 Rc1+ 59. Kd3 Rd1+ 60. Kc3 Rc1+ 61. Kd3 1/2-1/2

[Event "NED-chT 9495"]
[Site "Netherlands"]
[Date "1994.??.??"]
[Round "7"]
[White "Klarenbeek, Mark"]
[Black "Barsov, Alexei"]
[Result "1/2-1/2"]
[WhiteElo "2390"]
[BlackElo "2450"]
[PlyCount "135"]
[EventDate "1994.??.??"]
[EventType "team"]
[EventRounds "9"]
[EventCountry "NED"]
[SourceTitle "EXT 1998"]
[Source "ChessBase"]
[SourceDate "1997.11.17"]
[SourceVersion "1"]
[SourceVersionDate "1997.11.17"]
[SourceQuality "1"]

1. e4 e6 2. d4 d5 3. exd5 exd5 4. Nf3 Nc6 5. Bf4 Bd6 6. Bxd6 Qxd6 7. c3 Bg4 8. Be2 Nf6 9. h3 Bh5 10. 0-0 0-0-0 11. Ne5 Nxe5 12. Bxh5 Ng6 13. Re1 Nf4 14. Bg4+ Kb8 15. Nd2 Nd3 16. Re3 Nxb2 17. Qb3 Nxg4 18. hxg4 Qb6 19. Rb1 Nc4 20. Nxc4 dxc4 21. Qxb6 axb6 22. Rb4 Rhe8 23. Rxc4 Re6 24. Kf1 Rd5 25. Rxe6 fxe6 26. Rb4 b5 27. Ke2 c6 28. f4 h6 29. Ke3 Kc7 30. Ke4 b6 31. a4 bxa4 32. Rxa4 Ra5 33. Rb4 Ra2 34. g3 b5 35. Rb1 Re2+ 36. Kf3 Rc2 37. Rb3 Kd6 38. Ke4 Re2+ 39. Kf3 Ra2 40. Ke4 Ra1 41. f5 Re1+ 42. Kf3 Kd5 43. Ra3 exf5 44. gxf5 Rf1+ 45. Kg4 Kc4 46. Ra6 Kxc3 47. Rxc6+ Kxd4 48. Rc7 b4 49. Rxg7 b3 50. Rb7 Kc3 51. Kh5 Rxf5+ 52. Kxh6 Rf6+ 53. Kh5 Rf1 54. g4 Rh1+ 55. Kg6 b2 56. g5 b1Q+ 57. Rxb1 Rxb1 58. Kf6 Kd4 59. g6 Rd1 60. Ke6 Rg1 61. Kf6 Kd5 62. g7 Kd6 63. Kf7 Rf1+ 64. Ke8 Rg1 65. Kf7 Rf1+ 66. Ke8 Rg1 67. Kf7 Rxg7+ 68. Kxg7 1/2-1/2

[Event "NED-chT 9495"]
[Site "Netherlands"]
[Date "1994.??.??"]
[Round "5"]
[White "Klarenbeek, Mark"]
[Black "Hendriks, Willy"]
[Result "0-1"]
[WhiteElo "2390"]
[BlackElo "2370"]
[PlyCount "134"]
[EventDate "1994.??.??"]
[EventType "team"]
[EventRounds "9"]
[EventCountry "NED"]
[SourceTitle "EXT 1998"]
[Source "ChessBase"]
[SourceDate "1997.11.17"]
[SourceVersion "1"]
[SourceVersionDate "1997.11.17"]
[SourceQuality "1"]

1. e4 g6 2. d4 Bg7 3. Nc3 d6 4. f4 c6 5. Nf3 Bg4 6. Be3 Qb6 7. Qd2 Bxf3 8. gxf3 Nd7 9. 0-0-0 Qa5 10. Kb1 b5 11. Ne2 b4 12. f5 Ngf6 13. Bh6 Bxh6 14. Qxh6 0-0-0 15. Ng3 Nb6 16. Qe3 Kb8 17. h4 Rhg8 18. Be2 c5 19. dxc5 Qxc5 20. Qxc5 dxc5 21. Rxd8+ Rxd8 22. fxg6 hxg6 23. h5 gxh5 24. Nxh5 Rh8 25. Ng3 Rxh1+ 26. Nxh1 Nh5 27. Nf2 Nf4 28. Bf1 Kc7 29. Nd3 Nxd3 30. Bxd3 e5 31. c3 bxc3 32. bxc3 Kd6 33. Bb5 Ke7 34. Kc2 Kf6 35. Kd3 Kg5 36. Ke3 f6 37. a3 a5 38. Kd3 Kf4 39. Ke2 Nc8 40. Bc4 Nd6 41. Ba6 Nf7 42. Bb7 Ng5 43. Kd3 Kxf3 44. Bd5 Kf4 45. a4 Nf3 46. Kc4 Nd2+ 47. Kd3 Nf1 48. Kc4 Ng3 49. Kxc5 Nxe4+ 50. Bxe4 Kxe4 51. c4 Kd3 52. Kb6 e4 53. c5 e3 54. c6 e2 55. c7 e1Q 56. c8Q Qb4+ 57. Ka6 Qc4+ 58. Qxc4+ Kxc4 59. Kxa5 Kc5 60. Ka6 f5 61. Kb7 f4 62. a5 f3 63. a6 f2 64. a7 f1Q 65. a8Q Qf7+ 66. Ka6 Qe6+ 67. Kb7 Qd7+ 0-1

[Event "NED-chT 9495"]
[Site "Netherlands"]
[Date "1994.??.??"]
[Round "9"]
[White "Klarenbeek, Mark"]
[Black "Peelen, Piet"]
[Result "0-1"]
[WhiteElo "2390"]
[BlackElo "2390"]
[PlyCount "78"]
[EventDate "1994.??.??"]
[EventType "team"]
[EventRounds "9"]
[EventCountry "NED"]
[SourceTitle "EXT 1998"]
[Source "ChessBase"]
[SourceDate "1997.11.17"]
[SourceVersion "1"]
[SourceVersionDate "1997.11.17"]
[SourceQuality "1"]

1. c4 Nf6 2. Nc3 e6 3. Nf3 d5 4. d4 Be7 5. cxd5 exd5 6. Bg5 c6 7. Qc2 Na6 8. a3 Nc7 9. e3 Ne6 10. Bxf6 Bxf6 11. Bd3 g6 12. 0-0 0-0 13. b4 a6 14. a4 Qd6 15. Rab1 Bg7 16. Nd2 Re8 17. Rfe1 Bf8 18. Nf3 Bg7 19. Qb3 Bd7 20. b5 axb5 21. axb5 Ra3 22. Qb2 Rea8 23. bxc6 bxc6 24. Ra1 Be8 25. Bf1 Kf8 26. Rxa3 Qxa3 27. Qxa3+ Rxa3 28. Ne2 h5 29. g3 g5 30. h4 g4 31. Nh2 Ke7 32. Bg2 Kd6 33. Nf1 Ra2 34. Nc1 Rc2 35. Rd1 f6 36. Nd2 Bg6 37. Bf1 Rc3 38. Be2 Bc2 39. Re1 Bh6 0-1

[Event "NED-chT 9495"]
[Site "Netherlands"]
[Date "1994.??.??"]
[Round "3"]
[White "Winants, Luc"]
[Black "Klarenbeek, Mark"]
[Result "1/2-1/2"]
[WhiteElo "2495"]
[BlackElo "2390"]
[PlyCount "104"]
[EventDate "1994.??.??"]
[EventType "team"]
[EventRounds "9"]
[EventCountry "NED"]
[SourceTitle "EXT 1998"]
[Source "ChessBase"]
[SourceDate "1997.11.17"]
[SourceVersion "1"]
[SourceVersionDate "1997.11.17"]
[SourceQuality "1"]

1. e4 c5 2. Nf3 e6 3. c3 Nf6 4. e5 Nd5 5. d4 cxd4 6. cxd4 d6 7. Bc4 Nb6 8. Bb3 dxe5 9. Nxe5 Nc6 10. Nxc6 bxc6 11. 0-0 Be7 12. Nc3 0-0 13. Bf4 Nd5 14. Be5 Nxc3 15. bxc3 Bd6 16. Re1 c5 17. Qf3 Rb8 18. dxc5 Bxe5 19. Rxe5 Bb7 20. Qe3 Bc6 21. h3 Qc7 22. Rd1 a5 23. Rd6 a4 24. Bc4 Bb5 25. Bxb5 Rxb5 26. Rb6 Rb8 27. Rxb5 Rxb5 28. Qd3 Rb8 29. Qd6 Rc8 30. Re4 Qxc5 31. Qxc5 Rxc5 32. Rxa4 Kf8 33. c4 Ke7 34. Kf1 Re5 35. Ra7+ Kf6 36. Rb7 Ra5 37. Rb2 Ra3 38. Rc2 Ke7 39. c5 Kd7 40. c6+ Kc7 41. Ke2 e5 42. Kd2 f5 43. Ke2 e4 44. h4 f4 45. Kf1 Ra4 46. g3 e3 47. h5 exf2 48. Kxf2 fxg3+ 49. Kxg3 Ra5 50. Kg4 g6 51. hxg6 hxg6 52. Kf4 Ra6 1/2-1/2

[Event "Cappelle op 09th"]
[Site "Cappelle la Grande"]
[Date "1993.??.??"]
[Round "1"]
[White "Klarenbeek, Mark"]
[Black "Petraki, Maria"]
[Result "1-0"]
[WhiteElo "2375"]
[BlackElo "2045"]
[PlyCount "77"]
[EventDate "1993.02.??"]
[EventType "swiss"]
[EventRounds "9"]
[EventCountry "FRA"]
[SourceTitle "TD"]
[Source "ChessBase"]
[SourceDate "1994.03.01"]
[SourceVersion "1"]
[SourceVersionDate "1994.03.01"]
[SourceQuality "1"]

1. d4 e6 2. c4 Nf6 3. Nc3 Bb4 4. Qc2 0-0 5. Nf3 c5 6. a3 Bxc3+ 7. Qxc3 cxd4 8. Nxd4 d5 9. e3 Nc6 10. Nxc6 bxc6 11. Be2 a5 12. 0-0 Ne4 13. Qc2 e5 14. f3 Nd6 15. cxd5 cxd5 16. Bd2 Bf5 17. Qc5 Nc4 18. Bxc4 dxc4 19. Bc3 Bd3 20. Qxe5 f6 21. Qe6+ Kh8 22. Rfe1 Re8 23. Qg4 Rb8 24. a4 Qd5 25. Qd4 Qg5 26. e4 Red8 27. Qe3 Qxe3+ 28. Rxe3 Kg8 29. Bxa5 Rd7 30. Bc3 Ra8 31. a5 Ra6 32. Rd1 Kf7 33. b4 Rb7 34. e5 f5 35. e6+ Ke7 36. Rde1 g6 37. Re5 Rd6 38. b5 Bc2 39. Bb4 1-0

[Event "Cappelle op 09th"]
[Site "Cappelle la Grande"]
[Date "1993.??.??"]
[Round "2"]
[White "Stefansson, Hannes"]
[Black "Klarenbeek, Mark"]
[Result "0-1"]
[WhiteElo "2495"]
[BlackElo "2375"]
[PlyCount "53"]
[EventDate "1993.02.??"]
[EventType "swiss"]
[EventRounds "9"]
[EventCountry "FRA"]
[SourceTitle "TD"]
[Source "ChessBase"]
[SourceDate "1994.03.01"]
[SourceVersion "1"]
[SourceVersionDate "1994.03.01"]
[SourceQuality "1"]

1. e4 c5 2. Nf3 e6 3. d4 cxd4 4. Nxd4 Nc6 5. Nc3 a6 6. Nxc6 bxc6 7. Bd3 d5 8. 0-0 Nf6 9. Qe2 Be7 10. b3 0-0 11. Na4 Nd7 12. Bb2 Bb7 13. f4 Nb6 14. exd5 Nxa4 15. Bxh7+ Kxh7 16. Qh5+ Kg8 17. Bxg7 Kxg7 18. Rf3 Bc5+ 19. Kh1 Rg8 20. dxe6 Qf6 21. Re1 Kf8 22. bxa4 Bb4 23. c3 Be7 24. Ree3 c5 25. Qxf7+ Qxf7 26. exf7 Rxg2 27. Rxe7 0-1

[Event "NED-chT"]
[Site "Netherlands"]
[Date "1992.??.??"]
[Round "?"]
[White "Klarenbeek, Mark"]
[Black "Timmerman, Gert Jan"]
[Result "1/2-1/2"]
[WhiteElo "2365"]
[BlackElo "2350"]
[PlyCount "39"]
[EventDate "1992.??.??"]
[EventType "team"]
[EventRounds "11"]
[EventCountry "NED"]
[SourceTitle "EXT 1999"]
[Source "ChessBase"]
[SourceDate "1998.11.16"]
[SourceVersion "1"]
[SourceVersionDate "1998.11.16"]
[SourceQuality "1"]

1. e4 e5 2. Nf3 Nc6 3. d4 exd4 4. Nxd4 Qf6 5. Nxc6 Bc5 6. Qf3 Qxc6 7. Bd3 Ne7 8. Nc3 0-0 9. Be3 Bb4 10. Bd2 d6 11. 0-0-0 Be6 12. Nd5 Bxd2+ 13. Rxd2 Rae8 14. Rhd1 Kh8 15. Qh5 Ng6 16. Kb1 Ne5 17. f4 Bg4 18. Qh4 Nxd3 19. Nf6 gxf6 20. Qxf6+ 1/2-1/2